Telčsko, Podyjí turistická mapa 1:100 000 : přehledná mapa, dálkové cyklotrasy, památky, stínovaný reliéf terénu, podporuje GPS /
| Jazyk: | Čeština |
|---|---|
| Vydáno: |
Zádveřice : SHOCart, 2001 |
| Edice: |
Active
GeoClub Turistická mapa 1:100 000 |
| Témata: | |
| Fyzický popis: |
1 list ; 45 x 66 cm složený na 23 x 11 cm |
| LEADER | 01490nem a2200409 a 4500 | ||
|---|---|---|---|
| 001 | 000577049 | ||
| 003 | CZ BrMZK | ||
| 005 | 20071002104011.0 | ||
| 008 | 011105s2001 xr f cze d | ||
| 015 | |a cnb001068021 | ||
| 020 | |a 80-7224-277-6 | ||
| 040 | |a BOA001 |b cze | ||
| 043 | |a e-xr--- |b e-xr-vy |b e-xr-mr |2 czenas | ||
| 072 | 7 | |a 913(4) |x Geografie Evropy, reálie, cestování |2 Konspekt |9 7 | |
| 080 | |a 796.51 |2 MRF | ||
| 080 | |a 913(437.324) |2 MRF | ||
| 080 | |a 913(437.32-13) |2 MRF | ||
| 080 | |a 912.43:796.5 |2 MRF | ||
| 080 | |a (084.3) |2 MRF | ||
| 245 | 0 | 0 | |a Telčsko, Podyjí |h [kartografický dokument] : |b turistická mapa 1:100 000 : přehledná mapa, dálkové cyklotrasy, památky, stínovaný reliéf terénu, podporuje GPS / |c vydal a zpracoval: SHOCart |
| 246 | 3 | 3 | |a Podyjí |
| 255 | |a [Měřítko] 1:100 000 | ||
| 260 | |a Zádveřice : |b SHOCart, |c 2001 | ||
| 300 | |a 1 list ; |c 45 x 66 cm složený na 23 x 11 cm | ||
| 490 | 1 | |a Active | |
| 490 | 1 | |a GeoClub | |
| 490 | 1 | |a Turistická mapa 1:100 000 ; |v 216 | |
| 650 | 0 | 7 | |a pěší turistika |7 ph124864 |z Česko |2 czenas |
| 655 | 7 | |a turistické mapy |7 fd133737 |2 czenas | |
| 651 | 7 | |a Podyjí (Česko) |7 ge128468 |2 czenas | |
| 651 | 7 | |a Telč (Česko : oblast) |7 ge131053 |2 czenas | |
| 830 | 0 | |a Active | |
| 830 | 0 | |a GeoClub | |
| 830 | 0 | |a Turistická mapa 1:100 000 | |
| 910 | |a BOA001 |b Mp2-1092.316 | ||
| 990 | |a MP | ||
| 996 | 6 | |b 2610145924 |c Mp2-1092.316 |l MZK |r Sklad / do 1 hodiny |n 3 |p p.v. |w 000577049 |u 000010 |a 1 |e BOA001 |j MZK50 |s P | |
English
Čeština 